[Event "BL2 West 2223 (Women)"]
[White "Kotyk, Valeriya"]
[Black "Zeller, Elisa"]
[Site "Germany"]
[Round "3.2"]
[Result "1/2-1/2"]
[Date "2022.11.12"]
[WhiteElo "1717"]
[BlackElo "1942"]
[PlyCount "169"]
[EventDate "2022.10.15"]
[EventType "team-tourn"]
[EventRounds "7"]
[EventCountry "GER"]
[SourceTitle "EXT 2025"]
[Source "ChessBase"]
[SourceDate "2024.10.14"]
[SourceVersion "1"]
[SourceVersionDate "2024.10.14"]
[SourceQuality "1"]
[WhiteTeam "Hamburger SK (W) II"]
[BlackTeam "Kiel Doppelbauer (W)"]
[WhiteTeamCountry "GER"]
[BlackTeamCountry "GER"]

1. d4 Nf6 2. Bg5 Ne4 3. Bh4 g5 4. Bg3 Nxg3 5. hxg3 d5 6. e3 Bf5 7. Bd3 e6 8. g4 Be4 9. Bxe4 dxe4 10. Ne2 Nd7 11. Ng3 Nf6 12. Nd2 Qd5 13. Nh5 Be7 14. Ng7+ Kf8 15. Nh5 c5 16. c3 Nxh5 17. Rxh5 cxd4 18. cxd4 Rc8 19. Qb3 a6 20. Kd1 Kg7 21. Rc1 Rxc1+ 22. Kxc1 Rc8+ 23. Kd1 Qc6 24. Ke2 Qc2 25. Qxc2 Rxc2 26. Kd1 Rxb2 27. Nxe4 Rxa2 28. Nxg5 Bxg5 29. Rxg5+ Kf6 30. f4 Rxg2 31. Rh5 Rxg4 32. Rxh7 Rg2 33. Rh5 b5 34. d5 exd5 35. Rxd5 Ra2 36. e4 b4 37. Rf5+ Ke7 38. Re5+ Kf8 39. f5 f6 40. Re6 Kf7 41. Rb6 a5 42. Rb7+ Kf8 43. Rb5 Ke7 44. Rb6 Kf7 45. Rb7+ Kf8 46. Rb6 Kg7 47. Kc1 Re2 48. Rb5 Rxe4 49. Rxa5 Kh6 50. Rb5 Kg5 51. Kd2 Kf4 52. Kd1 Rc4 53. Ke2 Ke4 54. Kd2 Rd4+ 55. Ke2 Kf4 56. Ke1 Ke3 57. Rb6 Rh4 58. Kd1 Kd3 59. Kc1 Kc3 60. Rc6+ Kb3 61. Rxf6 Rh1+ 62. Kd2 Kb2 63. Rb6 b3 64. f6 Rf1 65. Ke2 Rf5 66. Kd2 Ka2 67. Kd3 b2 68. Ra6+ Kb1 69. Ke4 Rf2 70. Ke5 Kc1 71. Rb6 Kc2 72. Rc6+ Kd3 73. Rb6 Kc3 74. Ke6 Re2+ 75. Kf7 Re4 76. Rxb2 Kxb2 77. Kg8 Rg4+ 78. Kf8 Kc3 79. Ke8 Re4+ 80. Kf8 Kd4 81. f7 Ke5 82. Ke7 Kd5+ 83. Kf6 Rf4+ 84. Ke7 Re4+ 85. Kf6 1/2-1/2

[Event "BL2 West 2223 (Women)"]
[White "Zeller, Elisa"]
[Black "Mar, Karmen"]
[Site "Germany"]
[Round "2.2"]
[Result "1-0"]
[Date "2022.10.16"]
[WhiteElo "1942"]
[BlackElo "1982"]
[PlyCount "129"]
[EventDate "2022.10.15"]
[EventType "team-tourn"]
[EventRounds "7"]
[EventCountry "GER"]
[SourceTitle "EXT 2025"]
[Source "ChessBase"]
[SourceDate "2024.10.14"]
[SourceVersion "1"]
[SourceVersionDate "2024.10.14"]
[SourceQuality "1"]
[WhiteTeam "Kiel Doppelbauer (W)"]
[BlackTeam "Hofheim (W)"]
[WhiteTeamCountry "GER"]
[BlackTeamCountry "GER"]

1. d4 d5 2. c4 c6 3. Nf3 Nf6 4. Nc3 dxc4 5. a4 Bf5 6. e3 e6 7. a5 Na6 8. Bxc4 Nb4 9. 0-0 Bd6 10. Ne5 0-0 11. f4 Bc7 12. Qa4 Nc2 13. Ra2 Nxd4 14. exd4 Qxd4+ 15. Kh1 Bxe5 16. fxe5 Ng4 17. Nd1 Rfd8 18. Be2 Nxe5 19. Qxd4 Rxd4 20. Be3 Rd7 21. Nc3 Bg4 22. h3 Bxe2 23. Nxe2 Nc4 24. Bd4 e5 25. Bc3 f6 26. Ng3 Rad8 27. Nf5 g6 28. Nh6+ Kg7 29. Ng4 Rf8 30. Ra4 Nd6 31. Nxe5 Re7 32. Bb4 Rd8 33. Nc4 Re4 34. Bxd6 Rxd6 35. Nxd6 Rxa4 36. Nxb7 Rb4 37. Nd8 Rxb2 38. Nxc6 Rb5 39. Rd1 Rb7 40. Rd4 Rc7 41. Nb8 Kf7 42. Na6 Rc1+ 43. Kh2 Ke6 44. Nb4 Ra1 45. Rd5 Ra4 46. Rb5 Kd6 47. a6 h5 48. Kg3 g5 49. Kf3 Ra1 50. Rb7 Ra4 51. Ke3 f5 52. Kd4 g4 53. hxg4 fxg4 54. Kc4 Ra1 55. Rxa7 h4 56. Rg7 h3 57. gxh3 gxh3 58. Rh7 Ra3 59. Kb5 Ke6 60. Nc2 Ra2 61. Nd4+ Kd5 62. Nc6 Ra3 63. a7 Ra1 64. Na5 Rb1+ 65. Ka6 1-0

[Event "BL2 West 2223 (Women)"]
[White "Vogel, Heike"]
[Black "Zeller, Elisa"]
[Site "Germany"]
[Round "1.2"]
[Result "1-0"]
[Date "2022.10.15"]
[WhiteElo "2129"]
[BlackElo "1942"]
[PlyCount "57"]
[EventDate "2022.10.15"]
[EventType "team-tourn"]
[EventRounds "7"]
[EventCountry "GER"]
[SourceTitle "EXT 2025"]
[Source "ChessBase"]
[SourceDate "2024.10.14"]
[SourceVersion "1"]
[SourceVersionDate "2024.10.14"]
[SourceQuality "1"]
[WhiteTeam "Muelheim Nord (W)"]
[BlackTeam "Kiel Doppelbauer (W)"]
[WhiteTeamCountry "GER"]
[BlackTeamCountry "GER"]

1. d4 Nf6 2. Nf3 g6 3. Bf4 Bg7 4. Nbd2 0-0 5. e4 d6 6. Bc4 c6 7. Qe2 b5 8. Bd3 Bb7 9. g4 a6 10. h4 h5 11. gxh5 Nxh5 12. Bh2 c5 13. c3 cxd4 14. Nxd4 b4 15. Rg1 Nd7 16. e5 dxe5 17. Nf5 Nc5 18. Bc4 bxc3 19. bxc3 gxf5 20. Qxh5 Bd5 21. Rxg7+ Kxg7 22. Qg5+ Kh8 23. Qh6+ Kg8 24. 0-0-0 f6 25. Qg6+ Kh8 26. Qh6+ Kg8 27. Qg6+ Kh8 28. Qh5+ Kg8 29. Rg1# 1-0

[Event "GER-ch Rapid (Women)"]
[White "Zeller, Elisa"]
[Black "Just, Anita"]
[Site "Goettingen"]
[Round "8"]
[Result "1/2-1/2"]
[Date "2022.09.25"]
[WhiteElo "1986"]
[BlackElo "1895"]
[PlyCount "62"]
[EventDate "2022.09.24"]
[EventType "swiss (rapid)"]
[EventRounds "9"]
[EventCountry "GER"]
[SourceTitle "CBM 210 Extra"]
[Source "ChessBase"]
[SourceDate "2022.11.30"]
[SourceVersion "1"]
[SourceVersionDate "2022.11.30"]
[SourceQuality "1"]

1. e4 e6 2. d4 d5 3. Nd2 c5 4. exd5 Qxd5 5. Ngf3 cxd4 6. Bc4 Qd6 7. 0-0 Nf6 8. Nb3 Nc6 9. Nbxd4 Nxd4 10. Nxd4 a6 11. Re1 Qc7 12. Bf1 Be7 13. g3 0-0 14. Bg2 e5 15. Nb3 Bg4 16. f3 Bf5 17. c3 Rad8 18. Qe2 Rfe8 19. Be3 e4 20. Qf2 Rd3 21. fxe4 Bxe4 22. Bf4 Qc6 23. Bxe4 Nxe4 24. Qg2 Qb6+ 25. Kf1 Nf6 26. Nd4 Rxd4 27. cxd4 Qxd4 28. Rad1 Qc4+ 29. Qe2 Qc6 30. Qg2 Qc4+ 31. Qe2 Qc6 1/2-1/2

[Event "GER-ch Rapid (Women)"]
[White "Zeller, Elisa"]
[Black "Mader, Lena"]
[Site "Goettingen"]
[Round "6"]
[Result "0-1"]
[Date "2022.09.25"]
[WhiteElo "1986"]
[BlackElo "1795"]
[PlyCount "128"]
[EventDate "2022.09.24"]
[EventType "swiss (rapid)"]
[EventRounds "9"]
[EventCountry "GER"]
[SourceTitle "CBM 210 Extra"]
[Source "ChessBase"]
[SourceDate "2022.11.30"]
[SourceVersion "1"]
[SourceVersionDate "2022.11.30"]
[SourceQuality "1"]

1. e4 c6 2. d4 d5 3. e5 Bf5 4. Nc3 e6 5. g4 Bg6 6. h4 h5 7. g5 c5 8. Be3 cxd4 9. Bxd4 Nc6 10. Nf3 Nge7 11. Bd3 Nf5 12. Bb5 a6 13. Bxc6+ bxc6 14. Ne2 c5 15. Bc3 Be7 16. Nf4 Rb8 17. b3 0-0 18. Qe2 Qb6 19. Rd1 Rfc8 20. 0-0 Qb5 21. Qxb5 axb5 22. Bd2 Ra8 23. Ra1 Rc7 24. a4 bxa4 25. Rxa4 Rca7 26. Rfa1 Rxa4 27. Rxa4 Rxa4 28. bxa4 c4 29. Be3 Nxe3 30. fxe3 Bxc2 31. a5 Bc5 32. Nxh5 Bxe3+ 33. Kg2 Bc5 34. Nf4 Be4 35. Kg3 c3 36. Ne2 c2 37. a6 d4 38. Nd2 Bd3 39. Nc1 Bxa6 40. Ndb3 Ba3 41. Nxd4 Bxc1 42. Nxc2 Bb2 43. Kf4 Bd3 44. Nb4 Bf5 45. Nc6 Bc1+ 46. Kf3 Kf8 47. Na5 Bd2 48. Nc4 Bc3 49. Kf4 g6 50. Nb6 Be1 51. Nd7+ Ke7 52. Nc5 Bxh4 53. Nb3 Bf2 54. Nd2 Be1 55. Nf3 Bc3 56. Ke3 Bg4 57. Nh2 Bd1 58. Ke4 Kd7 59. Nf1 Bc2+ 60. Kf4 Bb2 61. Kg4 Bxe5 62. Ne3 Bf5+ 63. Kf3 Ba1 64. Nc4 e5 0-1

[Event "GER-ch Rapid (Women)"]
[White "Zhou, Lepu Coco"]
[Black "Zeller, Elisa"]
[Site "Goettingen"]
[Round "7"]
[Result "0-1"]
[Date "2022.09.25"]
[WhiteElo "1935"]
[BlackElo "1986"]
[PlyCount "64"]
[EventDate "2022.09.24"]
[EventType "swiss (rapid)"]
[EventRounds "9"]
[EventCountry "GER"]
[SourceTitle "CBM 210 Extra"]
[Source "ChessBase"]
[SourceDate "2022.11.30"]
[SourceVersion "1"]
[SourceVersionDate "2022.11.30"]
[SourceQuality "1"]

1. e4 e6 2. d4 d5 3. exd5 exd5 4. Nf3 Nc6 5. Bd3 Nge7 6. 0-0 Be6 7. Re1 Qd7 8. c3 f6 9. Nbd2 0-0-0 10. b4 g5 11. b5 Na5 12. Qa4 b6 13. Nb3 Bf5 14. Bxf5 Nxf5 15. Nxa5 bxa5 16. Qxa5 Kb8 17. Ba3 Bxa3 18. Qxa3 Rhe8 19. Nd2 Nd6 20. Qc5 Nb7 21. Qb4 Nd6 22. a4 Rxe1+ 23. Rxe1 Re8 24. Qb1 Re7 25. Kf1 f5 26. Rxe7 Qxe7 27. Qe1 Qf7 28. Qe5 Qh5 29. f3 g4 30. fxg4 Qxg4 31. Nf3 Nc4 32. Kf2 Nxe5 0-1

[Event "GER-ch Rapid (Women)"]
[White "Kosovska, Olena"]
[Black "Zeller, Elisa"]
[Site "Goettingen"]
[Round "5"]
[Result "1/2-1/2"]
[Date "2022.09.24"]
[WhiteElo "1831"]
[BlackElo "1986"]
[PlyCount "71"]
[EventDate "2022.09.24"]
[EventType "swiss (rapid)"]
[EventRounds "9"]
[EventCountry "GER"]
[SourceTitle "CBM 210 Extra"]
[Source "ChessBase"]
[SourceDate "2022.11.30"]
[SourceVersion "1"]
[SourceVersionDate "2022.11.30"]
[SourceQuality "1"]

1. e4 e6 2. d4 d5 3. Nd2 c5 4. exd5 Qxd5 5. Ngf3 cxd4 6. Bc4 Qd7 7. 0-0 Nc6 8. Nb3 Nf6 9. Nbxd4 Nxd4 10. Nxd4 a6 11. Bg5 Bc5 12. c3 Ne4 13. Be3 0-0 14. Qf3 Bxd4 15. cxd4 Nd6 16. Bd3 Qc6 17. Qh5 g6 18. Qe5 f6 19. Qf4 Qd7 20. Rac1 b5 21. Qg3 Bb7 22. Bf4 Nf5 23. Bxf5 exf5 24. Bd6 Rfc8 25. Bc5 Qd5 26. f3 Re8 27. Qc7 Rac8 28. Qb6 Re6 29. Qa5 Rce8 30. Rfe1 g5 31. Rxe6 Rxe6 32. Re1 Rxe1+ 33. Qxe1 Qd7 34. Qe3 Bd5 35. a3 Qe6 36. Kf2 1/2-1/2

[Event "GER-ch Rapid (Women)"]
[White "Voigt, Anastasia"]
[Black "Zeller, Elisa"]
[Site "Goettingen"]
[Round "2"]
[Result "1-0"]
[Date "2022.09.24"]
[WhiteElo "1772"]
[BlackElo "1986"]
[PlyCount "42"]
[EventDate "2022.09.24"]
[EventType "swiss (rapid)"]
[EventRounds "9"]
[EventCountry "GER"]
[SourceTitle "CBM 210 Extra"]
[Source "ChessBase"]
[SourceDate "2022.11.30"]
[SourceVersion "1"]
[SourceVersionDate "2022.11.30"]
[SourceQuality "1"]

1. e4 e6 2. d4 d5 3. Nd2 c5 4. exd5 Qxd5 5. Ngf3 cxd4 6. Bc4 Qd7 7. 0-0 Nc6 8. Nb3 Nf6 9. Re1 Qc7 10. Nbxd4 Nxd4 11. Qxd4 Bc5 12. Bb5+ Kf8 13. Qd3 a6 14. Bc4 b5 15. Bb3 Bb7 16. h3 Rd8 17. Qe2 Bb4 18. c3 Be7 19. Be3 Bxf3 20. Qxf3 h6 21. Bd4 Rg8 1-0

[Event "GER-ch Rapid (Women)"]
[White "Zeller, Elisa"]
[Black "Falke, Ornella"]
[Site "Goettingen"]
[Round "1"]
[Result "0-1"]
[Date "2022.09.24"]
[WhiteElo "1986"]
[BlackElo "1953"]
[PlyCount "58"]
[EventDate "2022.09.24"]
[EventType "swiss (rapid)"]
[EventRounds "9"]
[EventCountry "GER"]
[SourceTitle "CBM 210 Extra"]
[Source "ChessBase"]
[SourceDate "2022.11.30"]
[SourceVersion "1"]
[SourceVersionDate "2022.11.30"]
[SourceQuality "1"]

1. e4 c6 2. d4 d5 3. e5 c5 4. c3 cxd4 5. cxd4 Nc6 6. Nc3 Bf5 7. Bd3 Bxd3 8. Qxd3 e6 9. Nf3 Rc8 10. a3 a6 11. 0-0 Nge7 12. Bg5 h6 13. Be3 Nf5 14. Rac1 Be7 15. b4 b5 16. Rc2 0-0 17. Rfc1 Qd7 18. Nd2 Bxb4 19. axb4 Nxb4 20. Qe2 Nxc2 21. Rxc2 b4 22. Nb3 Rxc3 23. Rxc3 bxc3 24. Nc5 Qb5 25. Qd1 Rb8 26. g4 Qb1 27. Qxb1 Rxb1+ 28. Kg2 Nxe3+ 29. fxe3 c2 0-1

[Event "GER-ch Rapid (Women)"]
[White "Zeller, Elisa"]
[Black "Stepanjan, Marianne"]
[Site "Goettingen"]
[Round "3"]
[Result "1/2-1/2"]
[Date "2022.09.24"]
[WhiteElo "1986"]
[BlackElo "1525"]
[PlyCount "97"]
[EventDate "2022.09.24"]
[EventType "swiss (rapid)"]
[EventRounds "9"]
[EventCountry "GER"]
[SourceTitle "CBM 210 Extra"]
[Source "ChessBase"]
[SourceDate "2022.11.30"]
[SourceVersion "1"]
[SourceVersionDate "2022.11.30"]
[SourceQuality "1"]

1. e4 c5 2. Nf3 d6 3. d4 cxd4 4. Nxd4 Nf6 5. Nc3 a6 6. Be2 e6 7. 0-0 Be7 8. Kh1 Nbd7 9. f4 Qc7 10. f5 e5 11. Nb3 0-0 12. a4 b6 13. Bf3 Bb7 14. g4 Nc5 15. Nxc5 Qxc5 16. g5 Nd7 17. f6 Bd8 18. fxg7 Kxg7 19. Qe1 Qc4 20. b3 Qe6 21. Qh4 Kg8 22. Bg4 f5 23. Bh3 Nc5 24. Bg2 Nxe4 25. Nxe4 Bxe4 26. Bxe4 fxe4 27. Rxf8+ Kxf8 28. Qxe4 Ra7 29. Be3 d5 30. Qb4+ Kg8 31. Rf1 Rf7 32. Qe1 d4 33. Rxf7 Qxf7 34. Bd2 Qf3+ 35. Kg1 Qg4+ 36. Qg3 Qd1+ 37. Qe1 Qxe1+ 38. Bxe1 Bxg5 39. Kg2 Kf7 40. Kf3 Bf4 41. h3 Ke6 42. Ke4 h5 43. Bh4 b5 44. axb5 axb5 45. Bd8 Bg3 46. Bc7 Bf4 47. Bb6 Bg3 48. Bc7 Bf4 49. Bb6 1/2-1/2

[Event "Murrhard Wuerttemberg op"]
[White "Kocharin, Timur"]
[Black "Zeller, Elisa"]
[Site "Murrhard"]
[Round "1"]
[Result "0-1"]
[Date "2021.08.18"]
[WhiteElo "1414"]
[BlackElo "1969"]
[PlyCount "92"]
[EventDate "2021.08.18"]
[EventType "swiss"]
[EventRounds "7"]
[EventCountry "GER"]
[SourceTitle "CBM 204 Extra"]
[Source "ChessBase"]
[SourceDate "2021.11.30"]
[SourceVersion "1"]
[SourceVersionDate "2021.11.30"]
[SourceQuality "1"]

1. e4 e6 2. d4 d5 3. e5 c5 4. c3 Nc6 5. Nf3 Bd7 6. a3 cxd4 7. cxd4 Nge7 8. Bd3 Qb6 9. Bc2 g6 10. Nc3 Bg7 11. 0-0 0-0 12. Rb1 Rac8 13. Bg5 f6 14. exf6 Bxf6 15. Bxf6 Rxf6 16. Ba4 Rcf8 17. Ne5 Nxe5 18. dxe5 Rxf2 19. Rxf2 Qxf2+ 20. Kh1 Bxa4 21. Nxa4 Nc6 22. Qe1 Qxe1+ 23. Rxe1 b6 24. Nc3 Rf5 25. Nb5 Rxe5 26. Rxe5 Nxe5 27. Nxa7 Nc4 28. Nc8 Nxb2 29. Nxb6 Nc4 30. Nd7 Nxa3 31. Kg1 Nc4 32. Kf2 Kf7 33. Nc5 e5 34. Kf3 Kf6 35. h4 e4+ 36. Kf4 Ne5 37. Nb3 Nd3+ 38. Ke3 Ke5 39. g3 Nb2 40. Nc5 d4+ 41. Ke2 d3+ 42. Ke1 e3 43. Nb3 d2+ 44. Nxd2 exd2+ 45. Kxd2 Kf5 46. g4+ Ke5 0-1

[Event "GER-ch Blitz (Women)"]
[White "Noll, Sonja"]
[Black "Zeller, Elisa"]
[Site "Magdeburg"]
[Round "12"]
[Result "0-1"]
[Date "2021.08.01"]
[WhiteElo "1733"]
[BlackElo "1969"]
[PlyCount "78"]
[EventDate "2021.08.01"]
[EventType "tourn (blitz)"]
[EventRounds "21"]
[EventCountry "GER"]
[SourceTitle "CBM 203 Extra"]
[Source "ChessBase"]
[SourceDate "2021.09.30"]
[SourceVersion "1"]
[SourceVersionDate "2021.09.30"]
[SourceQuality "1"]

1. e4 e6 2. Nf3 d5 3. exd5 exd5 4. d4 Nf6 5. h3 Bd6 6. Bd3 0-0 7. 0-0 Nbd7 8. c3 c5 9. Be3 b6 10. Nbd2 Bb7 11. Re1 Qc7 12. Qc2 h6 13. a3 Rac8 14. Rac1 Qb8 15. Bb5 a6 16. Be2 b5 17. Qb1 c4 18. Bd1 Rce8 19. Bc2 Bc8 20. b3 Bxa3 21. Rcd1 Bd6 22. bxc4 dxc4 23. Bf5 Nb6 24. Bxc8 Qxc8 25. Qa2 Nbd5 26. Nb1 Ne4 27. Bd2 Bf4 28. Bxf4 Nxf4 29. Ne5 Ng5 30. Qd2 Qf5 31. g4 Nfxh3+ 32. Kh2 Qxf2+ 33. Kh1 Qxd2 34. Rxd2 f6 35. Ng6 Rxe1+ 36. Kg2 Rfe8 37. Na3 R8e2+ 38. Rxe2 Rxe2+ 39. Kf1 Ra2 0-1

[Event "GER-ch Blitz (Women)"]
[White "Skogvall, Martina"]
[Black "Zeller, Elisa"]
[Site "Magdeburg"]
[Round "1"]
[Result "1/2-1/2"]
[Date "2021.08.01"]
[WhiteElo "1992"]
[BlackElo "1969"]
[PlyCount "38"]
[EventDate "2021.08.01"]
[EventType "tourn (blitz)"]
[EventRounds "21"]
[EventCountry "GER"]
[SourceTitle "CBM 203 Extra"]
[Source "ChessBase"]
[SourceDate "2021.09.30"]
[SourceVersion "1"]
[SourceVersionDate "2021.09.30"]
[SourceQuality "1"]

1. e4 e6 2. d4 d5 3. e5 c5 4. Qg4 Nc6 5. Nf3 cxd4 6. Bd3 Nge7 7. 0-0 Ng6 8. Re1 Qb6 9. a3 Bd7 10. Nbd2 Be7 11. h4 Qc7 12. Qg3 0-0-0 13. h5 Nf8 14. Qxg7 Ng6 15. hxg6 hxg6 16. Qxf7 Rdf8 17. Qxg6 Rfg8 18. Qf7 Rf8 19. Qg6 Rfg8 1/2-1/2

[Event "GER-ch Blitz (Women)"]
[White "Voicu Jagodzinsky, Carmen"]
[Black "Zeller, Elisa"]
[Site "Magdeburg"]
[Round "18"]
[Result "1-0"]
[Date "2021.08.01"]
[WhiteElo "2247"]
[BlackElo "1969"]
[PlyCount "133"]
[EventDate "2021.08.01"]
[EventType "tourn (blitz)"]
[EventRounds "21"]
[EventCountry "GER"]
[SourceTitle "CBM 203 Extra"]
[Source "ChessBase"]
[SourceDate "2021.09.30"]
[SourceVersion "1"]
[SourceVersionDate "2021.09.30"]
[SourceQuality "1"]

1. e4 e6 2. d4 d5 3. Nc3 Bb4 4. exd5 exd5 5. Bd3 Ne7 6. Qf3 Be6 7. Nge2 Nbc6 8. 0-0 Qd7 9. h3 0-0-0 10. a3 Ba5 11. Bf4 f6 12. Be3 Bb6 13. Na4 Bf5 14. Nxb6+ cxb6 15. Bxf5 Qxf5 16. Qxf5+ Nxf5 17. g4 Nd6 18. b3 Rhe8 19. a4 Kb8 20. Rfe1 Ne4 21. f3 Nd6 22. Kf2 Kc8 23. c3 Na5 24. Rab1 f5 25. Bf4 fxg4 26. hxg4 Nc6 27. Ng3 g6 28. Bxd6 Rxe1 29. Rxe1 Rxd6 30. Re8+ Kc7 31. Rh8 Rd7 32. Ne2 Na5 33. b4 Nc4 34. g5 Nd6 35. Nf4 Nf5 36. Ne6+ Kd6 37. Nf8 Rf7 38. Nxh7 Ng7 39. Nf6 Ne6 40. Rh7 Nxg5 41. Rxf7 Nxf7 42. Kg3 Ke6 43. Ng4 Nd6 44. Ne3 a6 45. Kg4 Nf7 46. f4 a5 47. b5 Nd6 48. Kg5 Ne4+ 49. Kxg6 Nxc3 50. f5+ Ke7 51. f6+ Kf8 52. f7 Ne4 53. Ng4 Nd6 54. Ne5 Nc8 55. Nd7+ Ke7 56. f8Q+ Kxd7 57. Kf7 Nd6+ 58. Kf6 Ne4+ 59. Ke5 Nc3 60. Qd6+ Kc8 61. Ke6 Ne4 62. Qd7+ Kb8 63. Qxd5 Nc3 64. Qd8+ Ka7 65. d5 Nxb5 66. axb5 a4 67. Kd6 1-0

[Event "GER-ch Blitz (Women)"]
[White "Wulf, Constanze"]
[Black "Zeller, Elisa"]
[Site "Magdeburg"]
[Round "2"]
[Result "1-0"]
[Date "2021.08.01"]
[WhiteElo "1817"]
[BlackElo "1969"]
[PlyCount "43"]
[EventDate "2021.08.01"]
[EventType "tourn (blitz)"]
[EventRounds "21"]
[EventCountry "GER"]
[SourceTitle "CBM 203 Extra"]
[Source "ChessBase"]
[SourceDate "2021.09.30"]
[SourceVersion "1"]
[SourceVersionDate "2021.09.30"]
[SourceQuality "1"]

1. e4 e6 2. d3 d5 3. Nd2 c5 4. Ngf3 Nc6 5. g3 Nge7 6. Bg2 Ng6 7. 0-0 Bd6 8. exd5 exd5 9. Qe2+ Be7 10. Re1 0-0 11. Nf1 Bf6 12. c3 Bg4 13. Qc2 Qb6 14. Ne3 Bxf3 15. Bxf3 d4 16. Nd5 Qd8 17. Nxf6+ Qxf6 18. Bg2 Rac8 19. Bd2 Nge5 20. Bf4 b6 21. Re2 Ng6 22. Bd2 1-0

[Event "GER-ch Blitz (Women)"]
[White "Zeller, Elisa"]
[Black "Schlueter, Sabrina"]
[Site "Magdeburg"]
[Round "15"]
[Result "0-1"]
[Date "2021.08.01"]
[WhiteElo "1969"]
[BlackElo "1790"]
[PlyCount "78"]
[EventDate "2021.08.01"]
[EventType "tourn (blitz)"]
[EventRounds "21"]
[EventCountry "GER"]
[SourceTitle "CBM 203 Extra"]
[Source "ChessBase"]
[SourceDate "2021.09.30"]
[SourceVersion "1"]
[SourceVersionDate "2021.09.30"]
[SourceQuality "1"]

1. e4 c6 2. d4 g6 3. Bc4 d5 4. exd5 cxd5 5. Bb5+ Nc6 6. Nf3 Bg7 7. 0-0 Nf6 8. Re1 0-0 9. c3 Bg4 10. Nbd2 Rc8 11. Nf1 e6 12. Ne3 Bxf3 13. Qxf3 a6 14. Ba4 b5 15. Bc2 a5 16. Bd3 b4 17. Bd2 Qb6 18. Rab1 b3 19. a3 a4 20. Nf1 Na5 21. Ng3 h6 22. Bxh6 Bxh6 23. Qxf6 Bg7 24. Qh4 Nc4 25. Bxc4 Rxc4 26. Ne2 e5 27. Red1 Qe6 28. Qg3 Qf5 29. Qd3 e4 30. Qe3 Kh7 31. Ng3 Qd7 32. Qg5 Bh6 33. Qh4 Kg7 34. Ne2 Rh8 35. Qg3 f5 36. Qe5+ Kh7 37. Nf4 Rd8 38. g3 Rc6 39. Nxd5 Qxd5 0-1

[Event "GER-ch rapid (Women) 46th"]
[White "Zeller, Elisa"]
[Black "Paehtz, Elisabeth"]
[Site "Plochingen"]
[Round "9"]
[Result "0-1"]
[Date "2020.09.20"]
[WhiteElo "1969"]
[BlackElo "2472"]
[PlyCount "56"]
[EventDate "2020.09.19"]
[EventType "swiss (rapid)"]
[EventRounds "9"]
[EventCountry "GER"]
[SourceTitle "CBM 198 Extra"]
[Source "ChessBase"]
[SourceDate "2020.11.30"]
[SourceVersion "1"]
[SourceVersionDate "2020.11.30"]
[SourceQuality "1"]

1. e4 c5 2. Nf3 d6 3. d4 cxd4 4. Nxd4 Nf6 5. Nc3 a6 6. a4 e5 7. Nb3 Be7 8. Bg5 Be6 9. Bxf6 Bxf6 10. Nd5 Nd7 11. Be2 Rc8 12. c4 Bxd5 13. Qxd5 Qb6 14. Nd2 Bg5 15. Rd1 Nf6 16. Qd3 Qb4 17. b3 0-0 18. Bf3 d5 19. cxd5 Rc3 20. Qe2 Rc2 21. 0-0 Rxd2 22. Rxd2 Bxd2 23. Rd1 Bc3 24. Qc2 Bd4 25. h3 Ne8 26. Bg4 Nd6 27. Rc1 g6 28. Qc7 Nxe4 0-1

[Event "GER-ch Blitz (Women)"]
[White "Birkholz, Olga"]
[Black "Zeller, Elisa"]
[Site "Magdeburg"]
[Round "5"]
[Result "0-1"]
[Date "2020.08.15"]
[WhiteElo "2001"]
[BlackElo "1969"]
[PlyCount "109"]
[EventDate "2020.07.28"]
[EventType "tourn (blitz)"]
[EventRounds "29"]
[EventCountry "GER"]
[SourceTitle "EXT 2021"]
[Source "ChessBase"]
[SourceDate "2020.10.23"]
[SourceVersion "1"]
[SourceVersionDate "2020.10.23"]
[SourceQuality "1"]

1. e4 e6 2. Qe2 d5 3. exd5 Qxd5 4. Nc3 Qd7 5. f4 Ne7 6. Nf3 Nbc6 7. d3 g6 8. Be3 Bg7 9. g3 0-0 10. Bg2 Nf5 11. Bf2 Ncd4 12. Nxd4 Nxd4 13. Qd2 Re8 14. 0-0 c6 15. Ne4 f5 16. Ng5 h6 17. Nh3 Qc7 18. c3 Nb5 19. Rae1 e5 20. fxe5 Rxe5 21. Rxe5 Qxe5 22. Re1 Qf6 23. Re8+ Kh7 24. a4 Nd6 25. Re1 Qf7 26. Be3 Bd7 27. Rf1 Re8 28. Nf4 g5 29. Nh3 Qe6 30. Bxa7 Qg6 31. Bc5 Nf7 32. g4 f4 33. Be4 Rxe4 34. dxe4 Bxg4 35. Nf2 Ne5 36. Nxg4 Nxg4 37. h3 Ne5 38. Bd4 Qxe4 39. Bxe5 Qxe5 40. Re1 Qf5 41. Qg2 f3 42. Qg3 h5 43. Rf1 g4 44. hxg4 hxg4 45. Qh2+ Bh6 46. Qg3 Be3+ 47. Rf2 Bxf2+ 48. Kxf2 Qc2+ 49. Ke3 Qe2+ 50. Kf4 f2 51. Qh4+ Kg7 52. Qg5+ Kf7 53. Qf5+ Ke7 54. Qh7+ Kd6 55. Qg6+ 0-1

[Event "GER-ch Blitz (Women)"]
[White "Michna, Marta"]
[Black "Zeller, Elisa"]
[Site "Magdeburg"]
[Round "12"]
[Result "1-0"]
[Date "2020.08.15"]
[WhiteElo "2350"]
[BlackElo "1969"]
[PlyCount "95"]
[EventDate "2020.07.28"]
[EventType "tourn (blitz)"]
[EventRounds "29"]
[EventCountry "GER"]
[SourceTitle "EXT 2021"]
[Source "ChessBase"]
[SourceDate "2020.10.23"]
[SourceVersion "1"]
[SourceVersionDate "2020.10.23"]
[SourceQuality "1"]

1. d4 d5 2. Bf4 Nf6 3. e3 e6 4. Nf3 c5 5. c3 Nc6 6. Nbd2 Be7 7. h3 0-0 8. Bd3 cxd4 9. exd4 Bd6 10. Ne5 Bxe5 11. dxe5 Nd7 12. 0-0 Ndxe5 13. Bxe5 Nxe5 14. Bxh7+ Kxh7 15. Qh5+ Kg8 16. Qxe5 f6 17. Qg3 e5 18. Rad1 Be6 19. Nf3 Qb6 20. Rd2 Rad8 21. Rfd1 Qa6 22. a3 Qa4 23. Nh4 Rf7 24. Ng6 Qe4 25. f3 Qe3+ 26. Kh2 Qh6 27. f4 e4 28. Nh4 Rfd7 29. f5 Bf7 30. Rd4 Bh5 31. Re1 Re8 32. Qe3 Qxe3 33. Rxe3 Bf7 34. g4 Rc7 35. Kg3 b6 36. Ng2 Rc4 37. Rxc4 dxc4 38. Kf4 Bd5 39. Re1 Bc6 40. Ne3 b5 41. Rd1 Kf7 42. h4 Re7 43. Rd6 Bb7 44. Rd8 a6 45. g5 fxg5+ 46. hxg5 Bc6 47. g6+ Kf6 48. Rd6+ 1-0

[Event "GER-chT Federal Cup (Women)"]
[White "Just, Anita"]
[Black "Zeller, Elisa"]
[Site "Braunfels"]
[Round "5.5"]
[Result "1/2-1/2"]
[Date "2019.06.23"]
[WhiteElo "1866"]
[BlackElo "1953"]
[PlyCount "111"]
[EventDate "2019.06.20"]
[EventType "team-swiss"]
[EventRounds "5"]
[EventCountry "GER"]
[SourceTitle "CBM 191 Extra"]
[Source "ChessBase"]
[SourceDate "2019.09.30"]
[SourceVersion "1"]
[SourceVersionDate "2019.09.30"]
[SourceQuality "1"]

1. e4 e6 2. d4 d5 3. Nc3 Bb4 4. e5 c5 5. a3 Bxc3+ 6. bxc3 Ne7 7. Qg4 0-0 8. Nf3 Nbc6 9. Bd3 f5 10. exf6 Rxf6 11. Bg5 Rf7 12. Qg3 c4 13. Be2 Qe8 14. Bxe7 Rxe7 15. Ne5 Nxe5 16. Qxe5 Qg6 17. 0-0 Qf6 18. f4 Bd7 19. a4 Rf8 20. g3 Qxe5 21. fxe5 Rxf1+ 22. Kxf1 Be8 23. Bg4 Bg6 24. Rc1 Kf8 25. Ke2 Ke8 26. Kd2 Kd7 27. Rb1 Kc7 28. a5 h5 29. Bh3 Be4 30. Rb5 g5 31. Rc5+ Kb8 32. Bf1 Rf7 33. Be2 g4 34. a6 Rc7 35. Rb5 b6 36. Rb1 Rf7 37. Rf1 Rxf1 38. Bxf1 Kc7 39. h3 b5 40. hxg4 hxg4 41. Be2 Bf5 42. Ke3 Kb6 43. Kf4 Kxa6 44. Bxg4 Bxg4 45. Kxg4 Kb6 46. Kh5 a5 47. g4 b4 48. cxb4 axb4 49. g5 b3 50. cxb3 cxb3 51. g6 b2 52. g7 b1Q 53. g8Q Qf5+ 54. Qg5 Qh7+ 55. Qh6 Qf5+ 56. Qg5 1/2-1/2